Contemporary India : (Record no. 39230)

MARC details
000 -LEADER
fixed length control field 00847nam a22002297a 4500
005 - DATE AND TIME OF LATEST TRANSACTION
control field 2010080400540.0
010 ## - LCCN (DPL NO)
LC control number ENG-98188
020 ## - INTERNATIONAL STANDARD BOOK NUMBER
International Standard Book Number 9788190445450
Terms of availability 265.00
035 ## - SYSTEM CONTROL NUMBER
System control number EN-81721
037 ## - SOURCE OF ACQUISITION
Source of stock number/acquisition DBAD/PUB
082 ## - DEWEY DECIMAL CLASSIFICATION NUMBER
Classification number 954.09
100 ## - MAIN ENTRY--PERSONAL NAME
Personal name Marwah, Reena
245 ## - TITLE STATEMENT
Title Contemporary India :
Remainder of title economy, society and polity /
Statement of responsibility, etc by Reena Marwah, Ameeta Motwani [and] Tanuja Sachdev
260 ## - PUBLICATION, DISTRIBUTION, ETC. (IMPRINT)
Place of publication, distribution, etc New Delhi
Name of publisher, distributor, etc Pinnacle
Date of publication, distribution, etc 2009
270 ## - ADDRESS
Address 24, D. D. A Shopping Complex Ber Sarai
City New Delhi
Postal code 110016
300 ## - PHYSICAL DESCRIPTION
Extent 489p.
Dimensions 22cm (pbk)
650 ## - SUBJECT ADDED ENTRY--TOPICAL TERM
Topical term or geographic name as entry element Contemporary India
700 ## - ADDED ENTRY--PERSONAL NAME
Personal name Motvani, Ameeta
9 (RLIN) 6034
700 ## - ADDED ENTRY--PERSONAL NAME
Personal name Sachdev, Tanuja
9 (RLIN) 6035
942 ## - ADDED ENTRY ELEMENTS (KOHA)
Source of classification or shelving scheme Dewey Decimal Classification
Item type English Books
Classification part 954.09
Call number suffix MAR
Holdings
Withdrawn status Lost status Not for loan Collection code Home library Current library Date acquired Source of acquisition Cost, normal purchase price Full call number Barcode Copy number Cost, replacement price Koha item type
    Not For Loan Non-fiction D.B.Act.Division Diz Area 04/08/2010 DBAD/PUB 265.00 954.09 MAR EN-81721 1 265.00 English Books

© Delhi Public Library
Hit Counter
free hit counter